| 000 | 00586nam a2200241Ia 4500 | ||
|---|---|---|---|
| 003 | OSt | ||
| 005 | 20230412123133.0 | ||
| 008 | 210423s2008 xx 000 0 und d | ||
| 020 | _a97524620317 | ||
| 040 | _cAL | ||
| 041 | _aeng | ||
| 082 |
_a330.015195 _223 _bBALB |
||
| 100 |
_aBALTAGI (Badi H) _986977 |
||
| 245 | _aEconometrics | ||
| 250 | _a3 | ||
| 260 |
_aNew Delhi _bResearch and Education Association _c2008 |
||
| 300 |
_axv,401 _bPB |
||
| 365 |
_b595 _cINR |
||
| 650 |
_aEconomics _986978 |
||
| 650 |
_aEconomics _986978 |
||
| 906 | _aEconometrics | ||
| 942 |
_2ddc _cBK |
||
| 999 |
_c157230 _d157230 |
||